[Event "Championnat de la Loire - Top20"]
[Site "Loire"]
[Date "2003.12.20"]
[Round "4.1"]
[White "Boblin, Laurent"]
[Black "Cizeron, Frederic"]
[Result "0-1"]
[WhiteElo "1940"]
[BlackElo "2080"]
[PlyCount "50"]

1. e4 e6 2. d4 d5 3. Nd2 c5 4. exd5 Qxd5 5. Ndf3 Nc6 6. Bb5 cxd4 7. Bxc6+ Qxc6
8. Ne2 Bb4+ 9. Bd2 Bc5 10. O-O Bd7 11. Nexd4 Qc7 12. c3 Ne7 13. Bg5 f6 14. Bh4
e5 15. Bg3 Bd6 16. Nc2 O-O-O 17. Nd2 h5 18. f3 Bc5+ 19. Bf2 Bf5 20. Bxc5 Qxc5+
21. Rf2 Rd7 22. c4 Rhd8 23. b4 Qxf2+ 24. Kxf2 Rxd2+ 25. Ke3 Rxd1 0-1

[Event "Championnat de la Loire - Top20"]
[Site "Loire"]
[Date "2003.12.13"]
[Round "4.2"]
[White "Deville, Olivier"]
[Black "Testard, Philippe"]
[Result "1-0"]
[WhiteElo "2040"]
[BlackElo "2040"]
[PlyCount "53"]

1. Nf3 Nf6 2. c4 g6 3. Nc3 Bg7 4. e4 d6 5. d4 O-O 6. Be2 e5 7. O-O Nc6 8. d5
Ne7 9. b4 Nh5 10. Re1 f5 11. Ng5 Nf6 12. f3 a5 13. bxa5 Rxa5 14. a4 Kh8 15. Ba3
Ne8 16. Ne6 Bxe6 17. dxe6 Qc8 18. Nb5 Rf6 19. c5 dxc5 20. Bc4 b6 21. Qd7 c6 22.
Qxe7 cxb5 23. axb5 fxe4 24. Rxe4 Rf4 25. Rxf4 exf4 26. Bb2 Rxa1+ 27. Bxa1 1-0

[Event "Championnat de la Loire - Top20"]
[Site "Loire"]
[Date "2003.12.13"]
[Round "4.3"]
[White "Massard, Christian"]
[Black "Garon, Pierre"]
[Result "0-1"]
[WhiteElo "1880"]
[BlackElo "2009"]
[PlyCount "40"]

1. c4 c6 2. Nc3 d5 3. cxd5 cxd5 4. d4 Nf6 5. Bg5 e6 6. Nf3 Be7 7. e3 Nc6 8. Be2
a6 9. O-O Bd7 10. Rc1 h6 11. Bh4 O-O 12. h3 Qa5 13. a3 Rfc8 14. Ne5 Be8 15. Nb1
Na7 16. b4 Qb6 17. Rxc8 Rxc8 18. Ng4 Nxg4 19. Bxe7 Qc7 20. Bh4 Qh2# 0-1

[Event "Championnat de la Loire - Top20"]
[Site "Loire"]
[Date "2003.12.13"]
[Round "4.4"]
[White "Poncet, Alain"]
[Black "Petit, Didier"]
[Result "0-1"]
[WhiteElo "1860"]
[BlackElo "1920"]
[PlyCount "148"]

1. e4 e6 2. d4 d5 3. e5 c5 4. c3 Nc6 5. Nf3 Qb6 6. Bd3 Bd7 7. O-O cxd4 8. cxd4
Nxd4 9. Nxd4 Qxd4 10. Nc3 a6 11. Qe2 Ne7 12. Kh1 Qa7 13. f4 b5 14. Be3 Qb7 15.
Bc5 Ng6 16. Bxf8 Nxf8 17. a3 Ng6 18. Rad1 Ne7 19. Qg4 g6 20. Qh3 Bc6 21. Ne2
Qb6 22. Bb1 Nf5 23. Bxf5 gxf5 24. Qc3 d4 25. Nxd4 Be4 26. Nf3 Qb7 27. Qc5 h6
28. Qd6 Bd5 29. Qc5 Rc8 30. Qf2 Rg8 31. Qd2 Kf8 32. Qf2 Rg4 33. g3 Be4 34. Kg1
Rc2 35. Rd2 Rc8 36. Rdd1 b4 37. axb4 Qxb4 38. Qd4 Qb7 39. Nd2 Bd5 40. Rf2 h5
41. Nf1 h4 42. Rfd2 hxg3 43. hxg3 Kg7 44. Rh2 Bc4 45. Qf2 Bb3 46. Re1 Rc2 47.
Re2 Rc1 48. Re1 Rc8 49. Ne3 Rg6 50. Rh3 Qb4 51. Rf1 Qe4 52. Re1 Qb4 53. Rf1 Bd5
54. Nxd5 exd5 55. Rd1 Qb3 56. Kg2 Rc2 57. Rd2 Rxd2 58. Qxd2 Rc6 59. g4 Qc2 60.
Rd3 fxg4 61. Kg3 Qc5 62. Rxd5 Qg1+ 63. Qg2 Qe3+ 64. Kh4 Rh6+ 65. Kg5 Rg6+ 66.
Kf5 Qc1 67. Qd2 Qb1+ 68. Rd3 g3 69. Qc3 Qxd3+ 70. Qxd3 g2 71. Qc3 g1=Q 72. e6+
Kh7 73. Qh3+ Rh6 74. Qd3 Rxe6 0-1

[Event "Championnat de la Loire - Top20"]
[Site "Loire"]
[Date "2003.12.13"]
[Round "4.5"]
[White "Bellon, Yves"]
[Black "Mujic, Saban"]
[Result "1/2-1/2"]
[WhiteElo "1910"]
[BlackElo "1870"]
[PlyCount "122"]

1. e4 e5 2. c4 Nf6 3. Nc3 Bc5 4. Nf3 d6 5. h3 a6 6. d3 Be6 7. Be3 Bxe3 8. fxe3
O-O 9. Qc2 c5 10. Be2 Nc6 11. a3 h6 12. O-O Rb8 13. Rad1 b5 14. cxb5 axb5 15.
d4 exd4 16. exd4 cxd4 17. Nxd4 Nxd4 18. Rxd4 Qb6 19. Rfd1 Rfc8 20. Kh1 d5 21.
exd5 Bxd5 22. Qf5 Bc4 23. Bf3 Qe6 24. Qf4 Re8 25. Rd6 Qe5 26. Qd4 Qxd4 27.
R6xd4 Re5 28. a4 Bb3 29. Rd8+ Re8 30. Rxe8+ Nxe8 31. Rd4 bxa4 32. Bc6 Nc7 33.
Bxa4 Bxa4 34. Nxa4 Rb3 35. Rc4 Nd5 36. Rc8+ Kh7 37. Rc5 Nf4 38. Rc3 Rb4 39. b3
Ne2 40. Re3 Nf4 41. Nc5 Rb5 42. Rf3 g5 43. Ne4 Kg6 44. Rc3 Re5 45. Rc6+ Kg7 46.
Rc4 Rd5 47. Rc2 Rd1+ 48. Kh2 Rb1 49. Nd2 Re1 50. Rb2 Re2 51. Nc4 Rxb2 52. Nxb2
Nd5 53. Nd3 Kf6 54. Kg3 Kf5 55. Kf3 h5 56. g4+ hxg4+ 57. hxg4+ Ke6 58. Nf2 f5
59. gxf5+ Kxf5 60. Ng4 Nb4 61. Ne3+ Ke5 1/2-1/2

[Event "Championnat de la Loire - Top20"]
[Site "Loire"]
[Date "2003.12.13"]
[Round "4.6"]
[White "Carrot, Patrick"]
[Black "Pupier, Terry"]
[Result "0-1"]
[WhiteElo "1780"]
[BlackElo "1740"]
[PlyCount "106"]

1. f4 d5 2. Nf3 Nf6 3. e3 Bf5 4. b3 e6 5. Bb2 Nbd7 6. Be2 Bd6 7. O-O O-O 8. d3
Qe7 9. Ne5 Bc5 10. Rf3 Nxe5 11. fxe5 Ng4 12. d4 Qh4 13. h3 Be4 14. hxg4 Bxf3
15. Bxf3 Be7 16. Ba3 Bg5 17. Qe2 Qh6 18. Bc1 f6 19. Nc3 fxe5 20. dxe5 c6 21.
Bd2 Rad8 22. Rd1 g6 23. e4 d4 24. Na4 b6 25. Nb2 Bxd2 26. Qxd2 Qg7 27. Nd3 c5
28. a4 g5 29. Kf2 h5 30. Kg1 h4 31. Kh2 Kf7 32. a5 Ke7 33. Ra1 b5 34. Kg1 Rc8
35. a6 Rc6 36. Ra5 Rb8 37. Qc1 Ke8 38. Qa3 Qc7 39. Qa1 Rbb6 40. Qc1 Qe7 41. Qa3
Qc7 42. Be2 Rb8 43. b4 c4 44. Nc5 Qxe5 45. Qf3 Rc7 46. Qa3 Rf7 47. Rxb5 Rxb5
48. Qa4 Qg3 49. Qxb5+ Ke7 50. Qd7+ Kf6 51. Qxd4+ Kg6 52. Bf3 Rxf3 53. e5 Re3
0-1

[Event "Championnat de la Loire - Top20"]
[Site "Loire"]
[Date "2003.12.13"]
[Round "4.7"]
[White "Lestra, Franck"]
[Black "Bruel, Bruno"]
[Result "0-1"]
[WhiteElo "1770"]
[BlackElo "1750"]
[PlyCount "104"]

1. d4 d5 2. c4 c6 3. Nf3 Nf6 4. Qc2 e6 5. g3 Be7 6. Bg2 Nbd7 7. b3 O-O 8. O-O
c5 9. e3 b6 10. Ne5 Bb7 11. Bb2 Rc8 12. dxc5 Bxc5 13. Qe2 Qe7 14. Nd3 Bd6 15.
Nd2 Nc5 16. Nxc5 Bxc5 17. cxd5 Nxd5 18. Qg4 f5 19. Qe2 e5 20. Rfd1 e4 21. Nc4
Nb4 22. Ba3 Nd3 23. Bxc5 Rxc5 24. Nb2 Ba6 25. Nxd3 Bxd3 26. Qb2 Rc2 27. Qd4
Rfc8 28. Bf1 Rd8 29. Qa4 Qc7 30. Kg2 Qd7 31. Bxd3 exd3 32. Qxd7 Rxd7 33. Kf3 g5
34. e4 g4+ 35. Ke3 Re2+ 36. Kf4 Rxf2+ 37. Ke5 fxe4 38. Kxe4 Re2+ 39. Kf5 h5 40.
Kg6 Rxh2 41. Rac1 Kf8 42. Rc3 d2 43. Rc2 Ke7 44. Kg5 Ke6 45. Kf4 Re2 46. Kg5
Rd5+ 47. Kg6 Rf2 48. Rc6+ Kd7 49. Rf6 Rxf6+ 50. Kxf6 Kd6 51. Kg6 Ke6 52. Kh6 h4
0-1

[Event "Championnat de la Loire - Top20"]
[Site "Loire"]
[Date "2003.12.13"]
[Round "4.8"]
[White "Cursoux, Gerard"]
[Black "Bednar, Emile"]
[Result "1/2-1/2"]
[WhiteElo "2130"]
[BlackElo "1870"]
[PlyCount "107"]

1. c4 e6 2. e4 c6 3. d4 Bb4+ 4. Nc3 Nf6 5. f3 O-O 6. a3 Be7 7. Bd3 d6 8. Nge2
e5 9. Be3 Nbd7 10. d5 c5 11. O-O Ne8 12. f4 exf4 13. Nxf4 Ne5 14. h3 a6 15. b4
b6 16. Nh5 Bg5 17. Bf2 Bh4 18. g3 Bg5 19. g4 Bh4 20. Ng3 Qg5 21. Qe2 g6 22. Be3
Qe7 23. Kg2 Bg5 24. Bg1 Nf6 25. Rae1 Nfxg4 26. hxg4 Bxg4 27. Qc2 Qd7 28. Be2
Bh4 29. Bxg4 Qxg4 30. Nce2 Bg5 31. Qc3 h5 32. bxc5 bxc5 33. Bxc5 Rfc8 34. Bxd6
Nxc4 35. Qf3 Ne3+ 36. Kg1 Nxf1 37. Qxg4 hxg4 38. Kxf1 Rc2 39. Rb1 Rac8 40. Rb6
a5 41. Ra6 Bd8 42. Be5 Rd2 43. d6 f6 44. Bc3 Rd3 45. e5 fxe5 46. Bxe5 Rxa3 47.
d7 Rf3+ 48. Kg2 Rc2 49. Rxg6+ Kf7 50. Rxg4 Re3 51. Rg7+ Ke6 52. Bf4 Rxg3+ 53.
Kxg3 Rxe2 54. Kf3 1/2-1/2

[Event "Championnat de la Loire - Top20"]
[Site "Loire"]
[Date "2003.12.13"]
[Round "4.9"]
[White "Ollier, Michel"]
[Black "Walter, Alain"]
[Result "1-0"]
[WhiteElo "2030"]
[BlackElo "1760"]
[PlyCount "155"]

1. e4 e5 2. Nf3 Nc6 3. Bb5 a6 4. Ba4 Nf6 5. O-O b5 6. Bb3 Be7 7. Re1 d6 8. c3
O-O 9. h3 Bb7 10. d4 Re8 11. Nbd2 Na5 12. Bc2 Bf8 13. dxe5 dxe5 14. Qe2 c5 15.
Nf1 Qc7 16. Ng3 g6 17. Bg5 Bg7 18. a4 Nc4 19. Bd3 Nd6 20. axb5 c4 21. Bc2 axb5
22. Rxa8 Bxa8 23. h4 Nd7 24. Nh2 Qc6 25. f3 Nc5 26. Ng4 Nd7 27. h5 f6 28. Be3
g5 29. Rd1 h6 30. Qd2 Re6 31. Bf2 Nc5 32. Qd5 Ndb7 33. Nf5 Qxd5 34. Rxd5 Bf8
35. Ngxh6+ Bxh6 36. Nxh6+ Kh7 37. Nf5 Rc6 38. g4 Rc7 39. Rd1 Ne6 40. Bb6 Rf7
41. Ra1 Rf8 42. Ra7 Kh8 43. Ne7 Nf4 44. Be3 Rd8 45. Bxf4 gxf4 46. Nd5 Nc5 47.
Nxf6 Bb7 48. b4 cxb3 49. Bxb3 Ra8 50. Rxa8+ Bxa8 51. Bd5 Bxd5 52. Nxd5 Ne6 53.
Nb4 Kg7 54. Kg2 Kh6 55. Nc6 Nc5 56. Nxe5 Na4 57. Nd3 Nxc3 58. Nxf4 b4 59. Nd3
b3 60. e5 Nd5 61. Kf2 Kg5 62. Nb2 Nc3 63. Ke3 Nd5+ 64. Kd4 Ne7 65. Kc4 Kf4 66.
Kxb3 Kxe5 67. Nd3+ Kd4 68. Kc2 Nd5 69. h6 Ne7 70. Kd2 Ng6 71. Ke2 Kd5 72. f4
Kd6 73. f5 Nh8 74. Kf3 Ke7 75. g5 Nf7 76. Kf4 Kf8 77. Ne5 Nd6 78. g6 1-0

[Event "Championnat de la Loire - Top20"]
[Site "Loire"]
[Date "2003.12.13"]
[Round "4.10"]
[White "Minchilli, Franco"]
[Black "Adamus, Jeremy"]
[Result "1-0"]
[WhiteElo "1580"]
[BlackElo "1780"]
[PlyCount "123"]

1. e4 e5 2. Nf3 Nc6 3. Bc4 Bc5 4. c3 Nf6 5. d4 exd4 6. cxd4 Bb4+ 7. Bd2 Bxd2+
8. Nbxd2 d5 9. exd5 Nxd5 10. O-O O-O 11. Re1 Nb6 12. Rc1 Nxd4 13. Nb3 Nxf3+ 14.
Qxf3 Nxc4 15. Rxc4 Be6 16. Rd4 Qc8 17. Nc5 b6 18. Nxe6 fxe6 19. Qc6 Rd8 20.
Rxd8+ Qxd8 21. Qxe6+ Kf8 22. g3 Qe8 23. Qf5+ Qf7 24. Qxh7 Qxa2 25. Qe4 Rb8 26.
Qe7+ Kg8 27. Qxc7 Rf8 28. Qc3 Qf7 29. Qe3 Qf3 30. h4 Qf6 31. Re2 Qc6 32. f4 Rc8
33. Kh2 a5 34. b3 b5 35. Ra2 a4 36. bxa4 bxa4 37. Rxa4 Re8 38. Qb3+ Kh8 39. Qc4
Qf3 40. Ra2 Kh7 41. Qc2+ Kh8 42. Qg2 Qg4 43. Ra8 Rxa8 44. Qxa8+ Kh7 45. Qe4+
Kg8 46. Qe5 Kf7 47. h5 Kg8 48. Qe8+ Kh7 49. Qg6+ Qxg6 50. hxg6+ Kxg6 51. g4 Kf6
52. Kg3 g6 53. Kf3 Ke6 54. Ke4 Kf6 55. Kd5 Ke7 56. Ke5 Kf7 57. f5 gxf5 58. Kxf5
Kg7 59. Kg5 Kf8 60. Kf6 Ke8 61. g5 Kf8 62. g6 1-0

[Event "Championnat de la Loire - Top20"]
[Site "Loire"]
[Date "2004.01.10"]
[Round "5.1"]
[White "Cizeron, Frederic"]
[Black "Deville, Olivier"]
[Result "1/2-1/2"]
[WhiteElo "2080"]
[BlackElo "2040"]
[PlyCount "80"]

1. d4 d5 2. Nf3 c6 3. g3 Bf5 4. Bg2 e6 5. O-O Nd7 6. b3 Ngf6 7. c4 h6 8. Nc3
Be7 9. Nd2 O-O 10. e4 dxe4 11. Ndxe4 Nxe4 12. Nxe4 Nf6 13. Nc3 Qd7 14. Be3 Ng4
15. Ne4 Nxe3 16. fxe3 Bxe4 17. Bxe4 Bg5 18. Qe2 Qc7 19. Rad1 a5 20. Bb1 Rfd8
21. Qd3 g6 22. Rf3 Rd7 23. h4 Bd8 24. Qe4 Qd6 25. Qc2 f5 26. e4 h5 27. d5 Qc5+
28. Kg2 cxd5 29. exf5 exf5 30. cxd5 Qxc2+ 31. Bxc2 Rc8 32. Bd3 Kg7 33. Bc4 Rd6
34. Re3 Bf6 35. Rde1 b5 36. Bxb5 Rxd5 37. Bc4 Rd2+ 38. R1e2 Rcd8 39. Kf3 Rd1
40. Re6 R1d6 1/2-1/2

[Event "Championnat de la Loire - Top20"]
[Site "Loire"]
[Date "2004.01.10"]
[Round "5.2"]
[White "Petit, Didier"]
[Black "Boblin, Laurent"]
[Result "1-0"]
[WhiteElo "2000"]
[BlackElo "1990"]
[PlyCount "81"]

1. e4 c6 2. d4 d5 3. exd5 cxd5 4. Bd3 Nc6 5. c3 Nf6 6. Bf4 g6 7. Ne2 Bg7 8. Nd2
O-O 9. h4 Nh5 10. Qc2 e5 11. Bxe5 Bxe5 12. dxe5 Nxe5 13. O-O-O Qa5 14. Nd4
Nxd3+ 15. Qxd3 Qxa2 16. Qf3 Ng7 17. g4 f5 18. N2b3 fxg4 19. Qxd5+ Kh8 20. f4
Bf5 21. Nxf5 Rxf5 22. Qxb7 Rff8 23. Kc2 Rab8 24. Qd5 Rxf4 25. Rd2 Rf5 26. Qc4
Rfb5 27. Rd8+ Rxd8 28. Qxb5 g3 29. Ra1 g2 30. Qg5 Qxa1 31. Qxd8+ Ne8 32. Qxe8+
Kg7 33. Qe5+ Kh6 34. Qe3+ Kh5 35. Nxa1 Kxh4 36. Qg1 Kg3 37. Nb3 h5 38. Nd4 h4
39. Ne2+ Kf3 40. Kd2 g5 41. Qh2 1-0

[Event "Championnat de la Loire - Top20"]
[Site "Loire"]
[Date "2004.01.10"]
[Round "5.3"]
[White "Garon, Pierre"]
[Black "Bellon, Yves"]
[Result "1-0"]
[WhiteElo "2009"]
[BlackElo "1880"]
[PlyCount "47"]

1. d4 Nf6 2. Nf3 c5 3. e3 e6 4. Bd3 b6 5. c3 Bb7 6. Nbd2 Qc7 7. O-O Be7 8. Re1
d5 9. Ne5 Nc6 10. f4 Bd6 11. Qf3 O-O-O 12. b3 Rdf8 13. Bb2 c4 14. Bc2 b5 15. a4
b4 16. bxc4 dxc4 17. Qe2 bxc3 18. Bxc3 Nd5 19. Ne4 Bxe5 20. fxe5 Nxc3 21. Nxc3
f6 22. Qxc4 Re8 23. Nb5 fxe5 24. Nxc7 1-0

[Event "Championnat de la Loire - Top20"]
[Site "Loire"]
[Date "2004.01.10"]
[Round "5.4"]
[White "Pupier, Terry"]
[Black "Bruel, Bruno"]
[Result "0-1"]
[WhiteElo "1800"]
[BlackElo "1800"]
[PlyCount "126"]

1. e4 c5 2. Nf3 d6 3. d4 cxd4 4. Nxd4 Nf6 5. Nc3 a6 6. f3 e6 7. Be3 Be7 8. Qd2
Bd7 9. g4 b5 10. Bd3 Nc6 11. Nxc6 Bxc6 12. Ne2 Qc7 13. Bd4 e5 14. Bf2 d5 15.
Ng3 dxe4 16. Nxe4 Bxe4 17. Bxe4 Nxe4 18. fxe4 Rd8 19. Qc3 Qxc3+ 20. bxc3 O-O
21. Bb6 Bh4+ 22. Ke2 Rc8 23. Ba5 Rc4 24. Kd3 Rfc8 25. Rhd1 g6 26. Ke3 Bg5+ 27.
Kf3 Ra4 28. Bb4 a5 29. Bd6 Rxc3+ 30. Rd3 Rxd3+ 31. cxd3 Bf4 32. Be7 b4 33. g5
Ra3 34. Ke2 Rc3 35. h4 Rc2+ 36. Ke1 Rc1+ 37. Rxc1 Bxc1 38. Kd1 Bb2 39. Kc2 Bd4
40. Bf6 Kf8 41. Kb3 Ke8 42. Ka4 Bc3 43. Kb5 Kd7 44. Kc4 a4 45. a3 Be1 46. axb4
Kd6 47. d4 exd4 48. Bxd4 a3 49. b5 a2 50. e5+ Kc7 51. Kb3 Bxh4 52. Kxa2 Bxg5
53. Kb3 h5 54. Kc4 h4 55. Kd5 Bf4 56. Ke4 h3 57. Kf3 g5 58. Kf2 g4 59. Kg1 Bd2
60. Kh2 Bf4+ 61. Kg1 g3 62. Kh1 g2+ 63. Kg1 Kb7 0-1

[Event "Championnat de la Loire - Top20"]
[Site "Loire"]
[Date "2004.01.10"]
[Round "5.5"]
[White "Mujic, Saban"]
[Black "Massard, Christian"]
[Result "1/2-1/2"]
[WhiteElo "1940"]
[BlackElo "1830"]
[PlyCount "165"]

1. d4 Nf6 2. c4 g6 3. Nf3 Bg7 4. g3 d6 5. Bg2 O-O 6. O-O Nbd7 7. Nc3 Nb6 8. b3
Bg4 9. h3 Bd7 10. e4 c6 11. Re1 Qc8 12. Kh2 Qc7 13. Be3 Rad8 14. Rc1 Bc8 15.
Qd2 a6 16. Bh6 c5 17. Bxg7 Kxg7 18. d5 Nbd7 19. Qf4 h5 20. Kg1 Nh7 21. e5 Rde8
22. exd6 exd6 23. Ne4 Ne5 24. Nxe5 Rxe5 25. Qd2 Rfe8 26. Qc3 Kg8 27. f4 R5e7
28. Kf2 Bxh3 29. Bf3 Bf5 30. Nd2 Rxe1 31. Rxe1 Rxe1 32. Kxe1 Qe7+ 33. Kf2 Nf6
34. Qe3 Qd8 35. a4 Kf8 36. Qc3 Qe7 37. b4 cxb4 38. Qxb4 Ng4+ 39. Bxg4 Bxg4 40.
Nf3 Kg8 41. Qe1 Qxe1+ 42. Nxe1 Bd1 43. a5 Bb3 44. Ke3 Bxc4 45. Kd4 Bb5 46. Nf3
Kf8 47. Ng5 Ke7 48. Ne4 f6 49. Nc3 g5 50. fxg5 fxg5 51. Ne4 h4 52. Nxg5 hxg3
53. Ke3 Bc4 54. Kf3 Bxd5+ 55. Kxg3 Kd7 56. Kf2 Kc6 57. Ke3 Kc5 58. Kd3 Bc4+ 59.
Kc3 d5 60. Ne6+ Kb5 61. Nd8 Kxa5 62. Nxb7+ Kb6 63. Nd6 Bf1 64. Nf5 Kc5 65. Nd4
Kd6 66. Kb4 Ke5 67. Kc3 Ke4 68. Nb3 Ke3 69. Nd4 Bd3 70. Nc6 Be4 71. Nd4 a5 72.
Nb5 a4 73. Kb4 Bc2 74. Kc3 Bd3 75. Nc7 d4+ 76. Kb2 Bc4 77. Ne8 d3 78. Nd6 Bb3
79. Nb5 d2 80. Nc3 d1=Q 81. Nxd1+ Bxd1 82. Ka1 Kd2 83. Ka2 1/2-1/2

[Event "Championnat de la Loire - Top20"]
[Site "Loire"]
[Date "2004.01.10"]
[Round "5.6"]
[White "Testard, Philippe"]
[Black "Poncet, Alain"]
[Result "1-0"]
[WhiteElo "2020"]
[BlackElo "1860"]
[PlyCount "43"]

1. d4 Nf6 2. Nf3 e6 3. Bg5 c5 4. e3 Nc6 5. c3 d5 6. Bd3 Be7 7. Nbd2 h6 8. Bh4
Nh5 9. Bxe7 Qxe7 10. Ne5 Nf6 11. f4 Nxe5 12. fxe5 Ne4 13. O-O Qg5 14. Rf3 f5
15. exf6 O-O 16. fxg7 Rxf3 17. Qxf3 Kxg7 18. Nxe4 dxe4 19. Bxe4 Rb8 20. Rf1 Bd7
21. Qf7+ Kh8 22. Qh7# 1-0

[Event "Championnat de la Loire - Top20"]
[Site "Loire"]
[Date "2004.01.10"]
[Round "5.8"]
[White "Bednar, Emile"]
[Black "Carrot, Patrick"]
[Result "1/2-1/2"]
[WhiteElo "1840"]
[BlackElo "1740"]
[PlyCount "53"]

1. d4 d5 2. Nf3 Nf6 3. c4 c6 4. Nc3 h6 5. e3 e6 6. Bd3 dxc4 7. Bxc4 Nbd7 8. Qc2
Nb6 9. Bb3 Be7 10. O-O O-O 11. Bd2 Bd7 12. Rac1 Rc8 13. a3 c5 14. Ne5 cxd4 15.
exd4 Bb5 16. Rfd1 Qxd4 17. Nxb5 Qxe5 18. Nc3 Rfd8 19. Re1 Qd6 20. Rcd1 Nbd5 21.
g3 Qc6 22. Bxd5 Nxd5 23. Qb3 Qb6 24. Qa2 Nxc3 25. Bxc3 Bc5 26. Rxd8+ Rxd8 27.
b4 1/2-1/2

[Event "Championnat de la Loire - Top20"]
[Site "Loire"]
[Date "2004.01.10"]
[Round "5.9"]
[White "Walter, Alain"]
[Black "Cursoux, Gerard"]
[Result "0-1"]
[WhiteElo "1720"]
[BlackElo "2040"]
[PlyCount "152"]

1. e4 c5 2. Nc3 Nc6 3. f4 e6 4. Nf3 g6 5. g3 Bg7 6. Bg2 Nge7 7. O-O O-O 8. Ne2
d5 9. d3 b6 10. c3 Qc7 11. Bd2 Ba6 12. exd5 exd5 13. Qc2 Rfe8 14. Rfe1 Nf5 15.
Rad1 Re7 16. Nc1 Rae8 17. Rxe7 Rxe7 18. Re1 Rxe1+ 19. Nxe1 d4 20. Qd1 h5 21.
Qe2 Nce7 22. c4 b5 23. b3 b4 24. Nf3 Bb7 25. Qf2 Bc6 26. Ne2 Qa5 27. Nc1 Qa3
28. h3 Qb2 29. Kh2 a5 30. Qe2 Kf8 31. g4 hxg4 32. hxg4 Nh6 33. Kg3 Bd7 34. f5
Nhg8 35. fxg6 Nxg6 36. Ng5 Nf6 37. Bf3 Kg8 38. Ne4 Nxe4+ 39. Bxe4 Ne5 40. Bf5
Bc6 41. Bf4 Qxe2 42. Nxe2 a4 43. Nc1 a3 44. g5 Kf8 45. Bh3 Ke7 46. Bg2 Bxg2 47.
Kxg2 Ke6 48. Kg3 Kf5 49. Bd2 Bf8 50. Bf4 Ng6 51. Bc7 Kxg5 52. Ne2 Kf5 53. Ng1
Ke6 54. Nf3 Bd6+ 55. Bxd6 Kxd6 56. Ng5 Ne5 57. Ne4+ Kc6 58. Nf2 Kb6 59. Kf4 Nc6
60. Ne4 Na5 61. Nd2 Kc6 62. Ke5 Nb7 63. Ne4 Nd8 64. Kf6 Ne6 65. Ke5 Nf8 66. Kf6
Nd7+ 67. Kf5 Kc7 68. Ng5 Nb6 69. Ke4 Na4 70. Kd5 Kb6 71. bxa4 b3 72. axb3 a2
73. b4 cxb4 74. Nxf7 a1=Q 75. c5+ Kc7 76. Nd6 Qxa4 0-1

[Event "Championnat de la Loire - Top20"]
[Site "Loire"]
[Date "2004.01.10"]
[Round "5.10"]
[White "Roncin, Cesar"]
[Black "Lestra, Franck"]
[Result "1/2-1/2"]
[WhiteElo "1680"]
[BlackElo "1770"]
[PlyCount "72"]

1. e4 c5 2. Nf3 d6 3. d4 cxd4 4. Nxd4 Nf6 5. Nc3 g6 6. Be2 Bg7 7. Be3 O-O 8.
Qd2 Nc6 9. Nb3 Be6 10. Bh6 Bxh6 11. Qxh6 Qb6 12. Qd2 Rac8 13. O-O d5 14. exd5
Rfd8 15. Bf3 Bxd5 16. Bxd5 e6 17. Rad1 Nxd5 18. Nxd5 Rxd5 19. Qe2 Rxd1 20. Rxd1
Nb4 21. c3 Nxa2 22. Nd4 Nxc3 23. bxc3 Rxc3 24. g3 Rc8 25. Rd2 a5 26. Qb5 Qxb5
27. Nxb5 Rc1+ 28. Kg2 Rb1 29. Rd8+ Kg7 30. Nc3 Rb3 31. Na4 b5 32. Nc5 Rc3 33.
Ne4 Rc7 34. Rb8 b4 35. Ra8 f5 36. Nd2 Rc5 1/2-1/2

[Event "Championnat de la Loire - Top20"]
[Site "Loire"]
[Date "2004.01.10"]
[Round "5.11"]
[White "Adamus, Jeremy"]
[Black "Clement, Paul"]
[Result "1/2-1/2"]
[WhiteElo "1910"]
[BlackElo "1900"]
[PlyCount "56"]

1. d4 Nf6 2. c4 e5 3. dxe5 Ng4 4. Nf3 Nc6 5. Bg5 Be7 6. Bxe7 Qxe7 7. e3 Qb4+ 8.
Qd2 Ngxe5 9. Nxe5 Qxd2+ 10. Nxd2 Nxe5 11. Be2 d6 12. O-O O-O 13. Rfd1 Be6 14.
Rac1 Rad8 15. Nb3 c6 16. Nd4 d5 17. c5 Rfe8 18. a4 Nd7 19. b4 Nf8 20. b5 Bd7
21. Nb3 Re4 22. Rd4 Rde8 23. Rcd1 f5 24. Rxe4 Rxe4 25. Rd4 Ne6 26. Rxe4 fxe4
27. f3 exf3 28. gxf3 Kf7 1/2-1/2

[Event "Championnat de la Loire - Top20"]
[Site "Loire"]
[Date "2004.03.06"]
[Round "6.1"]
[White "Petit, Didier"]
[Black "Cizeron, Frederic"]
[Result "0-1"]
[WhiteElo "2000"]
[BlackElo "2080"]
[PlyCount "114"]

1. d4 d5 2. Nf3 Nf6 3. h3 c6 4. Nc3 h6 5. Bf4 Bf5 6. e3 e6 7. a3 Bd6 8. Bxd6
Qxd6 9. Bd3 Bxd3 10. Qxd3 O-O 11. O-O c5 12. Nb5 Qc6 13. dxc5 Qxc5 14. b4 Qe7
15. c4 a6 16. Nc3 dxc4 17. Qxc4 b5 18. Qh4 Qb7 19. e4 Rc8 20. Rac1 Nbd7 21.
Rfd1 Nb6 22. e5 Nfd5 23. Ne4 Nc4 24. Nd6 Nxd6 25. exd6 Qd7 26. Qd4 Qxd6 27. Rc5
Rxc5 28. bxc5 Qc7 29. Ne5 Rc8 30. Rc1 a5 31. Nd3 Qb7 32. Rb1 Rb8 33. f4 b4 34.
f5 exf5 35. axb4 Nxb4 36. Ne5 Qe4 37. Qxe4 fxe4 38. Ra1 Ra8 39. Kf2 f6 40. Nc4
Nd3+ 41. Ke3 Nxc5 42. Ra3 f5 43. Kd4 Nd3 44. g3 a4 45. Ke3 Kf7 46. Nb6 Ra6 47.
Nc4 Ke6 48. Nd2 Nb4 49. Ke2 g5 50. g4 Ke5 51. gxf5 Kxf5 52. Nf1 Nc2 53. Rc3 a3
54. Rxc2 a2 55. Ng3+ Kg6 56. Nxe4 a1=Q 57. Rd2 Re6 0-1

[Event "Championnat de la Loire - Top20"]
[Site "Loire"]
[Date "2004.03.06"]
[Round "6.2"]
[White "Deville, Olivier"]
[Black "Garon, Pierre"]
[Result "1-0"]
[WhiteElo "2040"]
[BlackElo "2009"]
[PlyCount "73"]

1. d4 d5 2. Nf3 Nf6 3. c4 e6 4. g3 Be7 5. Bg2 O-O 6. O-O dxc4 7. Na3 Bxa3 8.
bxa3 Nc6 9. Bb2 Rb8 10. Qc2 b5 11. Rfe1 Ba6 12. Rad1 Ne7 13. e4 c6 14. e5 Nfd5
15. Ng5 Nf5 16. Nxh7 Kxh7 17. g4 Bc8 18. gxf5 exf5 19. Bc1 Be6 20. Bxd5 cxd5
21. Re3 Rh8 22. Rg3 Qh4 23. Bg5 Qh5 24. f4 Kg8 25. Bf6 Rh7 26. Re1 Kf8 27. Qg2
Qh6 28. Rf1 Rc8 29. Bg5 Qh5 30. Rff3 Bd7 31. Rh3 Qg6 32. Be7+ Kg8 33. Rfg3 Qb6
34. Bc5 Rxc5 35. Rxh7 Kxh7 36. Rxg7+ Kh6 37. Qg5# 1-0

[Event "Championnat de la Loire - Top20"]
[Site "Loire"]
[Date "2004.03.06"]
[Round "6.3"]
[White "Bruel, Bruno"]
[Black "Ollier, Michel"]
[Result "0-1"]
[WhiteElo "1800"]
[BlackElo "1980"]
[PlyCount "94"]

1. d4 Nf6 2. c4 c5 3. d5 d6 4. Nc3 g6 5. e4 Bg7 6. Nf3 O-O 7. Bd3 Na6 8. O-O
Bg4 9. h3 Bxf3 10. Qxf3 Nd7 11. Qd1 Nc7 12. Be3 Ne5 13. f4 Nxd3 14. Qxd3 a6 15.
f5 Rb8 16. a4 Qd7 17. Qd2 b5 18. fxg6 hxg6 19. axb5 axb5 20. cxb5 Nxb5 21. Ne2
e6 22. Bh6 exd5 23. Qg5 Nd4 24. Nf4 Ne6 25. Nxe6 Qxe6 26. Bxg7 Kxg7 27. exd5
Qe5 28. Qxe5+ dxe5 29. Rac1 Rxb2 30. Rxc5 Rd2 31. Re1 f6 32. Rb1 Rf7 33. g4 Rd7
34. Rbb5 Kh6 35. h4 Rd4 36. g5+ fxg5 37. hxg5+ Kh5 38. d6 e4 39. Re5 R7xd6 40.
Rb8 Ra6 41. Rbe8 Raa4 42. Kf2 Kg4 43. Ke3 Rd3+ 44. Ke2 Kf4 45. R8e7 Rh3 46. Kf2
Rh2+ 47. Kg1 Rb2 0-1

[Event "Championnat de la Loire - Top20"]
[Site "Loire"]
[Date "2004.03.06"]
[Round "6.4"]
[White "Boblin, Laurent"]
[Black "Mujic, Saban"]
[Result "1-0"]
[WhiteElo "1990"]
[BlackElo "1940"]
[PlyCount "129"]

1. e4 c5 2. c3 d6 3. d4 cxd4 4. cxd4 Nf6 5. f3 g6 6. Be3 Bg7 7. Bd3 O-O 8. Ne2
Nc6 9. Nbc3 a6 10. O-O b5 11. Rc1 Bb7 12. Qd2 Rc8 13. Kh1 e6 14. g4 Ne8 15. Bg5
Bf6 16. Bh6 Bg7 17. Rg1 Qf6 18. Rg3 Bxh6 19. Qxh6 g5 20. Qxf6 Nxf6 21. a3 Kg7
22. h4 h6 23. Rh3 Rh8 24. Kg2 Ne7 25. Kf2 Ng6 26. h5 Ne7 27. Rhh1 Nc6 28. b4
Rhd8 29. Ke3 e5 30. d5 Ne7 31. a4 bxa4 32. Ra1 Ra8 33. Rxa4 Nd7 34. Rha1 Nb6
35. R4a3 Rdc8 36. Bxa6 Bxa6 37. Rxa6 Rxa6 38. Rxa6 Rb8 39. Kd3 Nec8 40. Ng3 Rb7
41. Nf5+ Kh7 42. Ne3 Rd7 43. Nc4 Rb7 44. b5 Kg7 45. Nd1 Nd7 46. Nxd6 Rxb5 47.
Nf5+ Kh7 48. Rxh6+ Kg8 49. Rc6 Ncb6 50. Nc3 Rb3 51. Nd6 Na4 52. Ndb5 Ndc5+ 53.
Rxc5 Nxc5+ 54. Kc4 Rb2 55. Kxc5 Kf8 56. Kc6 Ke8 57. Kc7 Rd2 58. d6 f6 59. h6
Kf7 60. Nd5 Rh2 61. d7 Rxh6 62. d8=Q Rh7 63. Kd6 Rh6 64. Qe7+ Kg8 65. Nxf6+ 1-0

[Event "Championnat de la Loire - Top20"]
[Site "Loire"]
[Date "2004.03.06"]
[Round "6.5"]
[White "Cursoux, Gerard"]
[Black "Testard, Philippe"]
[Result "0-1"]
[WhiteElo "2040"]
[BlackElo "2020"]
[PlyCount "66"]

1. e4 c5 2. Nc3 e6 3. g3 Nc6 4. Bg2 g6 5. f4 Bg7 6. Nf3 Nge7 7. O-O O-O 8. d3
d6 9. g4 Rb8 10. Ne2 d5 11. e5 b5 12. c3 Ba6 13. Be3 d4 14. cxd4 Nd5 15. Bf2 c4
16. dxc4 bxc4 17. Qd2 Ncb4 18. Rfb1 Qd7 19. Nc3 Nd3 20. Bg3 Rfc8 21. Ne1 N5b4
22. Ne2 Rb6 23. a3 Nxe1 24. Bxe1 Nd3 25. Bg3 Rcb8 26. Ra2 Bb7 27. Bxb7 Qxb7 28.
f5 Qe4 29. f6 Bf8 30. Nc3 Qxd4+ 31. Bf2 Qxg4+ 32. Bg3 Nxe5 33. Rf1 Nf3+ 0-1